Περιεχόμενο και αισθητική των ελληνικών τηλεοπτικών διαφημίσεων της δεκαετίας 1980 : μια διαδικτυακή εφαρμογή : μεταπτυχιακή διατριβή

Η μεταπτυχιακή διατριβή μελετά το περιεχόμενο και την αισθητική των ελληνικών τηλεοπτικών διαφημίσεων της δεκαετίας του 1980. Η έρευνα αυτή έχει ως στόχο να καταγράψει μέσα από τεκμηριωμένες απόψεις ερευνητών την πορεία της ελληνικής τηλεοπτικής διαφήμισης, όπως αυτή διαμορφώθηκε μέσα από ένα κοινων...

Full description

Saved in:
Bibliographic Details
Main Author: Πασχαλίδου, Ελευθερία
Corporate Author: Πανεπιστήμιο Αιγαίου. Σχολή Κοινωνικών Επιστημών. Τμήμα Πολιτισμικής Τεχνολογίας και Επικοινωνίας. Πρόγραμμα Μεταπτυχιακών Σπουδών Πολιτισμική Πληροφορική και Επικοινωνία
Other Authors: Σαμπανίκου, Εύη Δημ., 1965- (dgsf)
Format: Thesis Book
Language:Greek
Published: 2013.
Subjects:
Online Access:http://hdl.handle.net/11610/16023
Tags: Add Tag
No Tags, Be the first to tag this record!

MARC

LEADER 00000cam a2200000 a 4500
001 1/114657
008 170821s2013####gr | ||| |||| ||gre||
040 |a GR-MyUa  |b gre  |c GR-MyUa  |e AACR2 
041 0 |a gre 
082 7 |a 302.234   |2 (23) 
100 1 |a Πασχαλίδου, Ελευθερία. 
245 1 0 |a Περιεχόμενο και αισθητική των ελληνικών τηλεοπτικών διαφημίσεων της δεκαετίας 1980 :   |b μια διαδικτυακή εφαρμογή : μεταπτυχιακή διατριβή /   |c Πασχαλίδου Ελευθερία ; επιβλέπουσα καθηγήτρια: Σαμπανίκου Ευαγγελία, συνεπιβλέπων καθηγητής: Σκαρπέλος Ιωάννης.  
260 |c 2013.  
300 |a 167 σ. :   |b εικ. ;   |c 30 εκ.  
502 # # |a Διατριβή (μεταπτυχιακή) – Πανεπιστήμιο Αιγαίου, Λέσβος, 2013. 
504 |a Περιλαμβάνει βιβλιογραφία.  
506 1 |a Ηλεκτρονική διάθεση στο πλήρες κείμενο - περιορισμένης πρόσβασης ;   |d Ελεύθερη πρόσβαση μόνο στα μέλη του Πανεπιστημίου Αιγαίου.  
520 8 |a Η μεταπτυχιακή διατριβή μελετά το περιεχόμενο και την αισθητική των ελληνικών τηλεοπτικών διαφημίσεων της δεκαετίας του 1980. Η έρευνα αυτή έχει ως στόχο να καταγράψει μέσα από τεκμηριωμένες απόψεις ερευνητών την πορεία της ελληνικής τηλεοπτικής διαφήμισης, όπως αυτή διαμορφώθηκε μέσα από ένα κοινωνικοπολιτικό πλαίσιο αλλαγών στη χώρα. Αναλύονται οι όροι επικοινωνία, μάζες, ΜΜΕ, χειραγώγηση, προπαγάνδα. Ακολουθεί το χρονικό καθιέρωσης του τηλεοπτικού μέσου παγκοσμίως και στην Ελλάδα, το ιστορικό πλαίσιο της διαφήμισης και της τηλεοπτικής διαφήμισης. Τέλος αναλύονται οι τηλεοπτικές διαφημίσεις των δεκαετιών 1950, 1960, 1970 και 1980. 
540 |a Κλειδωμένη η δυνατότητα αντιγραφής (copy) από το ηλεκτρονικό κείμενο.  
650 0 |a Television   |x Aesthetics. 
650 0 |a Television  |z Greece  |x Social aspects. 
650 0 |a Television commercials  |z Greece. 
650 0 |a Television broadcasting  |x Social aspects. 
700 1 |a Σαμπανίκου, Εύη Δημ.,   |d 1965-  |e dgsf 
700 1 |a Σκαρπέλος, Γιάννης Π.  |e dgs 
710 2 |a Πανεπιστήμιο Αιγαίου.   |b Σχολή Κοινωνικών Επιστημών.   |b Τμήμα Πολιτισμικής Τεχνολογίας και Επικοινωνίας.   |b Πρόγραμμα Μεταπτυχιακών Σπουδών Πολιτισμική Πληροφορική και Επικοινωνία. 
852 |a INST  |b LESVOS  |c DIATR  |e 20190412  |h 612  |p 005100059684  |q 005100059684  |t MTXE  |y 23 
856 |u http://hdl.handle.net/11610/16023 
924 |a Πασχαλίδου   |b Ελευθερία  |y Λέσβος  |z 2016-04 
970 |a Πατσή   |b Ανθίππη  |z 21-08-2017